000 00441pab a2200181 454500
008 180718b2009 xxu||||| |||| 00| 0 eng d
100 _aWinters, Jeffrey A.
245 _aOligarchy in the United States?
260 _c2009
300 _ap.731-51.
362 _aDec
650 _aOligarchy - United States
650 _aOligarchy
700 _aPage, Benjamin I.
773 _aPerspectives on Politics
908 _aN
909 _a85610
999 _c85610
_d85610